Die apokalypse (Record no. 7741)

MARC details
000 -CABECERA
campo de control de longitud fija 00892nam a2200277 a 4500
001 - NÚMERO DE CONTROL
campo de control BRCA_8073
005 - FECHA Y HORA DE LA ÚLTIMA TRANSACCIÓN
campo de control 20190320210123.0
008 - DATOS DE LONGITUD FIJA--INFORMACIÓN GENERAL
campo de control de longitud fija 030414s1970----gw-a###f##---#001-0#ger-#
020 ## - NÚMERO INTERNACIONAL ESTÁNDAR DEL LIBRO
Número Internacional Estándar del Libro 3791303325 (in umschlag)
020 ## - NÚMERO INTERNACIONAL ESTÁNDAR DEL LIBRO
Número Internacional Estándar del Libro 3791303333 (in geschenk mappe)
041 ## - CÓDIGO DE LENGUA
Código de lengua del texto/banda sonora o título independiente ger
044 ## - CÓDIGO DEL PAÍS DE LA ENTIDAD EDITORA/PRODUCTORA
Código MARC del país gw
050 #4 - SIGNATURA TOPOGRÁFICA DE LA BIBLIOTECA DEL CONGRESO
Número de clasificación BS2393
Número de documento/Ítem .D87 1970
100 1# - ENTRADA PRINCIPAL--NOMBRE DE PERSONA
Nombre de persona Dürer, Albrecht
9 (RLIN) 20063
245 10 - MENCIÓN DE TÍTULO
Título Die apokalypse
Mención de responsabilidad, etc. Albrecht Dürer ; herausgegeben von Ludwig Grote.
260 ## - PUBLICACIÓN, DISTRIBUCIÓN, ETC.
Lugar de publicación, distribución, etc. Múnich
Nombre del editor, distribuidor, etc. Prestel-Verlag
Fecha de publicación, distribución, etc. 1970
300 ## - DESCRIPCIÓN FÍSICA
Extensión 1 v. (sin paginación)
Otras características físicas il., 15 láminas
Dimensiones 50 cm.
500 ## - NOTA GENERAL
Nota general Facsímil de la Urausg alemán de 1498: ´La revelación secreta de Juan´
500 ## - NOTA GENERAL
Nota general Y101
504 ## - NOTA DE BIBLIOGRAFÍA, ETC.
Nota de bibliografía, etc. Bibliografía: p. 2
650 14 - PUNTO DE ACCESO ADICIONAL DE MATERIA--TÉRMINO DE MATERIA
Término de materia o nombre geográfico como elemento de entrada Apocalipsis
Subdivisión de forma Sagrada escritura
9 (RLIN) 20064
650 14 - PUNTO DE ACCESO ADICIONAL DE MATERIA--TÉRMINO DE MATERIA
Término de materia o nombre geográfico como elemento de entrada Profecías bíblicas
Subdivisión de forma Pinturas
9 (RLIN) 20065
700 1# - PUNTO DE ACCESO ADICIONAL--NOMBRE DE PERSONA
Nombre de persona Grote, Ludwig
Término indicativo de función/relación ed.
9 (RLIN) 20066
902 ## - CATALOGADOR
Iniciales GFM
942 ## - ELEMENTOS DE PUNTO DE ACCESO ADICIONAL (KOHA)
Fuente del sistema de clasificación o colocación Library of Congress Classification
Tipo de ítem Koha Libros
Holdings
Estado de retiro Estado de pérdida Estado dañado No para préstamo Localización permanente Ubicación/localización actual Fecha de adquisición Número de inventario Total de préstamos Signatura topográfica completa Código de barras Fecha visto por última vez Precio válido a partir de Tipo de ítem Koha
El ejemplar forma parte de la colección y puede ser consultado según las políticas vigentes.       Biblioteca del Museo Franz Mayer (Rogerio Casas-Alatriste) Biblioteca del Museo Franz Mayer (Rogerio Casas-Alatriste) 03/04/2014 Y101   BS2393 .D87 1970 (Y101) 8697 22/03/2019 22/03/2019 Libros